Agricultura, sociedad y espacios productivos en el sur de Jalisco /
Tesis de maestría en la que se aborda la identificación y el análisis de los modelos de agricultura presentes en el sur de Jalisco, en el que se examinan a partir del contexto histórico y geográfico de los lugares, el devenir de los procesos poblacionales y la orientación agrícola de los espacios pr...
保存先:
| 第一著者: | |
|---|---|
| フォーマット: | 図書 |
| 言語: | スペイン語 |
| 主題: | |
| タグ: |
タグなし, このレコードへの初めてのタグを付けませんか!
|
MARC
| LEADER | 00000nam^a2200000^a^4500 | ||
|---|---|---|---|
| 001 | 000190978 | ||
| 005 | 20250521000000.0 | ||
| 009 | 20260310102510.196 | ||
| 037 | |a Acervo ITESO - Biblioteca | ||
| 041 | |a ESP | ||
| 082 | |a 338. 1097235 |b OCH | ||
| 100 | |a Ochoa García, Heliodoro |e (autor) | ||
| 245 | 1 | 0 | |a Agricultura, sociedad y espacios productivos en el sur de Jalisco / |c H. Ochoa García. |
| 264 | |a Puebla, México : |b Universidad Iberoamericana, Plantel Golfo-Centro, |c 2006 | ||
| 300 | |a 1 disco compacto de computadora | ||
| 336 | |a datos para computadora |b cod |2 rdacontenido | ||
| 337 | |a computadora |b c |2 rdamedio | ||
| 338 | |a disco de computadora |b cd |2 rdasoporte | ||
| 520 | |a Tesis de maestría en la que se aborda la identificación y el análisis de los modelos de agricultura presentes en el sur de Jalisco, en el que se examinan a partir del contexto histórico y geográfico de los lugares, el devenir de los procesos poblacionales y la orientación agrícola de los espacios productivos, resaltando los factores que han jugado un papel determinante en la configuración regional y en las formas de hacer agricultura. | ||
| 593 | |a Tesis de Maestría en Estudios Regionales en Medio Ambiente y Desarrollo, UIA-Plantel Golfo-Centro | ||
| 649 | |a XX | ||
| 650 | |a Cultivos - |z Jalisco | ||
| 650 | |a Cultivos - |z México | ||
| 650 | |a Industria Agropecuaria - |z Jalisco | ||
| 650 | |a Industria Agropecuaria - |z México | ||
| 650 | |a Población Rural | ||
| 650 | |a Agricultura - |z Jalisco - |x Tema Principal | ||
| 650 | |a Agricultura - |z Jalisco - |x Tema Principal | ||
| 650 | |a Desarrollo Rural - |z Jalisco | ||
| 650 | |a Desarrollo Rural - |z México | ||
| 650 | |a Sociología Rural - |z México | ||
| 650 | |a Sociología Rural - |z México | ||
| 650 | |a Economía de la Tierra | ||
| 650 | |a Ingeniería Ambiental | ||
| 910 | |a Fondo General | ||
| 920 | |a Electrónicos - Tesis Externas en Disco | ||
| 905 | |a 204 | ||
| 901 | |a SFW0001074 |b IT2 |c SWS |u 20250521 | ||
| 902 | |a https://opac.biblio.iteso.mx/vufind/Record/000190978 | ||